<?xml version="1.0" encoding="UTF-8"?>
<record
    xmlns:xsi="http://www.w3.org/2001/XMLSchema-instance"
    xsi:schemaLocation="http://www.loc.gov/MARC21/slim http://www.loc.gov/standards/marcxml/schema/MARC21slim.xsd"
    xmlns="http://www.loc.gov/MARC21/slim">

  <leader>01407nam a22002777a 4500</leader>
  <datafield tag="952" ind1=" " ind2=" ">
    <subfield code="0">0</subfield>
    <subfield code="1">0</subfield>
    <subfield code="4">0</subfield>
    <subfield code="7">0</subfield>
    <subfield code="a">21</subfield>
    <subfield code="b">21</subfield>
    <subfield code="d">2016-10-31</subfield>
    <subfield code="l">6</subfield>
    <subfield code="m">1</subfield>
    <subfield code="o">BF541 G6518 2013</subfield>
    <subfield code="p">21 003367</subfield>
    <subfield code="r">2026-01-19</subfield>
    <subfield code="s">2020-02-24</subfield>
    <subfield code="t">1</subfield>
    <subfield code="w">2016-10-31</subfield>
    <subfield code="y">LB</subfield>
  </datafield>
  <datafield tag="952" ind1=" " ind2=" ">
    <subfield code="0">0</subfield>
    <subfield code="1">0</subfield>
    <subfield code="2">lcc</subfield>
    <subfield code="4">0</subfield>
    <subfield code="7">0</subfield>
    <subfield code="a">09</subfield>
    <subfield code="b">09</subfield>
    <subfield code="d">2019-05-23</subfield>
    <subfield code="l">1</subfield>
    <subfield code="m">1</subfield>
    <subfield code="o">BF541 G6518 2008</subfield>
    <subfield code="p">09 005377</subfield>
    <subfield code="r">2025-05-07</subfield>
    <subfield code="s">2025-04-26</subfield>
    <subfield code="t">2</subfield>
    <subfield code="w">2019-05-23</subfield>
    <subfield code="y">LB</subfield>
  </datafield>
  <datafield tag="999" ind1=" " ind2=" ">
    <subfield code="c">101284</subfield>
    <subfield code="d">101284</subfield>
  </datafield>
  <controlfield tag="005">20231102152007.0</controlfield>
  <controlfield tag="008">150624s2013    mx ||||fr|||||||1|| spa d</controlfield>
  <datafield tag="020" ind1=" " ind2=" ">
    <subfield code="a">9684972059</subfield>
  </datafield>
  <datafield tag="050" ind1="0" ind2="4">
    <subfield code="a">BF541 </subfield>
    <subfield code="b">G6518</subfield>
  </datafield>
  <datafield tag="100" ind1="1" ind2=" ">
    <subfield code="a">Goleman, Daniel</subfield>
    <subfield code="e">autor</subfield>
  </datafield>
  <datafield tag="240" ind1=" " ind2=" ">
    <subfield code="a">Emotional Intelligence</subfield>
  </datafield>
  <datafield tag="245" ind1="1" ind2=" ">
    <subfield code="a">La inteligencia emocional </subfield>
    <subfield code="c"> / Daniel Goleman; traducci&#xF3;n de Elsa Mateo</subfield>
  </datafield>
  <datafield tag="260" ind1="3" ind2=" ">
    <subfield code="a">M&#xE9;xico</subfield>
    <subfield code="b"> : Ediciones B [ Vergara Grupo Zeta]</subfield>
    <subfield code="c">, 2013</subfield>
  </datafield>
  <datafield tag="300" ind1=" " ind2=" ">
    <subfield code="a">397 p&#xE1;ginas</subfield>
  </datafield>
  <datafield tag="500" ind1=" " ind2=" ">
    <subfield code="a">Reimpresiones: 47a. septiembre 2008
                          55a. agosto 2013

En cubierta: El libro que revoluciona el concepto de inteligencia :
Por qu&#xE9; es m&#xE1;s importante que el cociente intelectual



</subfield>
  </datafield>
  <datafield tag="504" ind1=" " ind2=" ">
    <subfield code="a">Incluye: Ap&#xE9;ndices A - F ; Notas e &#xCD;ndice</subfield>
  </datafield>
  <datafield tag="505" ind1=" " ind2=" ">
    <subfield code="a">El cerebro emocional
La naturaleza de la inteligencia emocional
Inteligencia emocional aplicada
Oportunidades
Alfabetismo emocional</subfield>
  </datafield>
  <datafield tag="519" ind1=" " ind2=" ">
    <subfield code="a">Plan Flexible / </subfield>
    <subfield code="b">Maestr&#xED;a en Administraci&#xF3;n de Negocios / </subfield>
    <subfield code="c">Factor Humano y Organizaci&#xF3;n (B02-3) /</subfield>
    <subfield code="d">(21 003367) </subfield>
  </datafield>
  <datafield tag="519" ind1=" " ind2=" ">
    <subfield code="a">Plan Flexible / </subfield>
    <subfield code="b">Psicolog&#xED;a / </subfield>
    <subfield code="c">Material Complementario / </subfield>
    <subfield code="d">(09 005377)</subfield>
  </datafield>
  <datafield tag="650" ind1="1" ind2="4">
    <subfield code="a">EMOCIONES</subfield>
  </datafield>
  <datafield tag="650" ind1="2" ind2="4">
    <subfield code="a">EMOCIONES Y CONOCIMIENTO</subfield>
  </datafield>
  <datafield tag="650" ind1="2" ind2="4">
    <subfield code="a">EMOCIONES</subfield>
    <subfield code="x">ASPECTOS SOCIALES</subfield>
  </datafield>
  <datafield tag="700" ind1="1" ind2="0">
    <subfield code="a">Mateo, Elsa</subfield>
    <subfield code="e">traductor</subfield>
  </datafield>
  <datafield tag="942" ind1=" " ind2=" ">
    <subfield code="c">LB</subfield>
    <subfield code="2">lcc</subfield>
  </datafield>
</record>
